Biosecurity leaflet launched (Record no. 71100)

MARC details
000 -LEADER
fixed length control field 01079cam a2200217 4500
001 - CONTROL NUMBER
control field WB3832-17
008 - FIXED-LENGTH DATA ELEMENTS--GENERAL INFORMATION
fixed length control field 020905n2002 000 0 eng u
035 ## - SYSTEM CONTROL NUMBER
System control number (Sirsi) u119582
245 ## - TITLE STATEMENT
Title Biosecurity leaflet launched
260 ## - PUBLICATION, DISTRIBUTION, ETC.
Date of publication, distribution, etc. 2002
490 ## - SERIES STATEMENT
Series statement RICS Rural Faculty News
Volume/sequential designation 4 September 2002 (1)
520 ## - SUMMARY, ETC.
Summary, etc. A new leaflet on biosecurity has been published in a joint venture by government and farming organisations. Highlighting the benefits of good biosecurity on farms - not only helping prevent disease but also improving farm efficiency - the leaflets will be sent to livestock farmers in England and Wales. The leaflet can be found on the DEFRA website http://www.defra.gov.uk/animalh/biosecurity/farmguidance/index.htm RICS news story http://www.rics.org/ricscms/bin/show?class=News&template=/includes/shownews.html&id=3566&faculty=Rural&faculty=All Faculties
590 ## - LOCAL NOTE (RLIN)
Local note WB
650 ## - SUBJECT ADDED ENTRY--TOPICAL TERM
Topical term or geographic name entry element BIOSECURITY
650 ## - SUBJECT ADDED ENTRY--TOPICAL TERM
Topical term or geographic name entry element FARMING INDUSTRY
650 ## - SUBJECT ADDED ENTRY--TOPICAL TERM
Topical term or geographic name entry element ANIMAL HEALTH
650 ## - SUBJECT ADDED ENTRY--TOPICAL TERM
Topical term or geographic name entry element FARMING PRACTICES
650 ## - SUBJECT ADDED ENTRY--TOPICAL TERM
Topical term or geographic name entry element DISEASE
690 ## - LOCAL SUBJECT ADDED ENTRY--TOPICAL TERM (OCLC, RLIN)
Topical term or geographic name as entry element Rural
9 (RLIN) 6268
942 ## - ADDED ENTRY ELEMENTS (KOHA)
Suppress in OPAC 0
Holdings
Withdrawn status Lost status Source of classification or shelving scheme Damaged status Not for loan Home library Current library Shelving location Date acquired Total Checkouts Full call number Barcode Date last seen Copy number Price effective from Koha item type
    Dewey Decimal Classification     London London News article 05/09/2002   WB3832-17 119582-1001 06/08/2019 1 06/08/2019 News article